000 00630nam a2200217Ii 4500
001 17572
003 CO-ViMGA
008 241108s9999||||xx |||||||||||||| ||und||
020 _a8434583615
040 _aCO-ViMGA
_bspa
_erda
_cCO-ViMGA
041 0 _aspa
082 0 4 _a523.1 D18u
100 1 _aPaul Davies
_951142
245 1 0 _aEl universo desbocado :
_bdel big bang a la catástrofe final
264 1 _aMadrid, España : Salvat, 1985
300 _avolumen
336 _atext
_btxt
_2rdacontent
337 _aunmediated
_bn
_2rdamedia
338 _avolume
_bnc
_2rdacarrier
940 _aidficha_siabuc: 17236. -- ficha_no_siabuc:17572
999 _c45852
_d45852